Welcome to CU Library Online Public Access Catalogue (OPAC)

Dictionary of Sociology / (Record no. 596)

MARC details
000 -LEADER
fixed length control field 00469nam a22001697a 4500
005 - DATE AND TIME OF LATEST TRANSACTION
control field 20241104165658.0
008 - FIXED-LENGTH DATA ELEMENTS--GENERAL INFORMATION
fixed length control field 241104b |||||||| |||| 00| 0 eng d
020 ## - INTERNATIONAL STANDARD BOOK NUMBER
International Standard Book Number 9798188385538
050 ## - LIBRARY OF CONGRESS CALL NUMBER
Classification number HM425 DIC
100 ## - MAIN ENTRY--PERSONAL NAME
Personal name Hogan, Marj Orie
245 ## - TITLE STATEMENT
Title Dictionary of Sociology /
Statement of responsibility, etc. Marj Orie Hogan
250 ## - EDITION STATEMENT
Edition statement 1st Ed.
260 ## - PUBLICATION, DISTRIBUTION, ETC.
Place of publication, distribution, etc. New Delhi
-- India
Name of publisher, distributor, etc. Academic (India) Publishers
Date of publication, distribution, etc. c2006
300 ## - PHYSICAL DESCRIPTION
Extent 379 pages
Dimensions 21cm
650 ## - SUBJECT ADDED ENTRY--TOPICAL TERM
Source of heading or term Sociology
942 ## - ADDED ENTRY ELEMENTS (KOHA)
Source of classification or shelving scheme Library of Congress Classification
Koha item type Books
Edition 1st Ed.
Suppress in OPAC No
999 ## -
-- 596
-- 596
Holdings
Withdrawn status Lost status Source of classification or shelving scheme Damaged status Not for loan Collection Home library Current library Shelving location Date acquired Total checkouts Full call number Barcode Date last seen Copy number Price effective from Koha item type
    Library of Congress Classification     Non-fiction Business Library (Miotso) Business Library (Miotso) Reference 11/04/2024   REF HM425 DIC bssm00000116 11/04/2024 1 11/04/2024 Books
© 2023-2024 Copyright: Central University Libraries. All Rights Reserved | Created by: Mahone Tech Office